Beyond Resistance and Collaboration

Titel: Beyond Resistance and Collaboration : Towards a Social History of Politics in Hitler’s Empire / Vesna Drapac and Gareth Pritchard
Verfasser: ;
In: Journal of social history, Band 48, Heft 4 (2014 (2015)), Seite 865-891
alle Artikel anzeigen
Veröffentlicht: 2014 (2015)
Format: Aufsatz
Sprache: Englisch
Schlagworte:
Kein Bild verfügbar
X
alg: 41644236
001A    $03025:08-09-17 
001B    $01999:18-07-19 $t22:42:30.000 
001C    $03025:08-09-17 $t09:41:24.000 
001D    $03025:08-09-17 
001U    $0utf8 
001X    $00 
002@    $0Oou 
002C    $aText $btxt $2rdacontent 
002D    $aComputermedien $bc $2rdamedia 
002E    $aOnline-Ressource $bcr $2rdacarrier 
003@    $0416442366 
007A    $0416442366 $aHEB 
009Q    $uhttp://muse.jhu.edu/article/583445 $xH 
010@    $aeng 
010E    $erda 
011@    $a2015 $n2014 (2015) 
021A    $aBeyond Resistance and Collaboration $dTowards a Social History of Politics in Hitler’s Empire $hVesna Drapac and Gareth Pritchard 
028A    $BVerfasser $4aut $7122005643 $8Drapac, Vesna$Z1958- [Tp3] $9153269316 
028C    $BVerfasser $4aut $7173399533 $8Pritchard, Gareth [Tp3] $9297574833 
031A    $d48 $e4 $h865-891 $j2014 (2015) 
039B    $aEnthalten in $8--Obvc--. Journal of social history. - Oxford : Oxford University Press, 1967-. - Online-Ressource. - ISSN 1527-1897 $x201400000480004135 $9092463754 
044K    $#Abendland $#Okzident $74015701-5 $8Europa [Tgz] $908503617X 
044K    $RBesetzung $#Besatzungspolitik $74005975-3 $8Besatzungspolitik [Ts1] $9085007951 
044K    $RFaschismus $RDrittes Reich $#National socialism $#National-socialisme $#Nazionalsocialismo $#Nacionalsocialismo $#National Socialism $#Faschismus $#Nationalsozialismus $#NS $74041316-0 $8Nationalsozialismus [Tsz] $908511314X 
044K    $RGeschichte $#Social history $#Histoire sociale $#Sozialgeschichte $#Sozialgeschichte $#Gesellschaft Geschichte $#Gesellschaftsgeschichte $#Soziale Situation Geschichte $74055772-8 $8Sozialgeschichte [Ts1] $9085155322 
045R    $aGeschichte 1939-1945 
045T    $aROM $qDE-5 $2FID 
045T    $aROM $qDE-18 $2FID 

lok: 41644236 78

exp: 41644236 78 1 #EPN
201B/01 $008-09-17 $t09:38:10.000 
201C/01 $008-09-17 
201U/01 $0utf8 
203@/01 $01006817247 
208@/01 $a08-09-17 $be 
209A/01 $a/ $f000 $x00 
209A/01 $ab*p $x01 
220C/01 $apgar 
244Z/01 $#Ostmitteleuropa $#Ostmitteleuropa $#Mitteleuropa, Ost $#Central Europe Ostmitteleuropa $#Mittelosteuropa $74075753-5 $8--Tg1--Ostmitteleuropa $x01 $9085214485 
247C/01 $82080>Marburg/Lahn, Herder-Institut, Forschungsbibliothek, Bibliographieportal $9336309341
LEADER 00000caa a2200000 c 4500
001 416442366
003 DE-603
005 20190718224230.0
007 cr||||||||||||
008 170908s2015 xx |||| o| u00||u|eng c
035 |a (DE-599)HEB416442366 
040 |a DE-603  |b ger  |c DE-603  |d DE-603  |e rda 
041 |a eng 
084 |a ROM  |q DE-5  |2 fid 
084 |a ROM  |q DE-18  |2 fid 
100 1 |a Drapac, Vesna  |d 1958-  |e Verfasser  |4 aut  |0 (DE-603)153269316  |0 (DE-588)122005643  |2 gnd 
245 0 0 |a Beyond Resistance and Collaboration  |b Towards a Social History of Politics in Hitler’s Empire  |c Vesna Drapac and Gareth Pritchard 
264 0 |c 2014 (2015) 
336 |a Text  |b txt  |2 rdacontent 
337 |a Computermedien  |b c  |2 rdamedia 
338 |a Online-Ressource  |b cr  |2 rdacarrier 
648 7 |a Geschichte 1939-1945  |2 gnd 
650 7 |a Besatzungspolitik  |0 (DE-588)4005975-3  |0 (DE-603)085007951  |2 gnd 
650 7 |a Nationalsozialismus  |0 (DE-588)4041316-0  |0 (DE-603)08511314X  |2 gnd 
650 7 |a Sozialgeschichte  |0 (DE-588)4055772-8  |0 (DE-603)085155322  |2 gnd 
651 7 |a Europa  |0 (DE-588)4015701-5  |0 (DE-603)08503617X  |2 gnd 
700 1 |a Pritchard, Gareth  |e Verfasser  |4 aut  |0 (DE-603)297574833  |0 (DE-588)173399533  |2 gnd 
773 0 8 |i Enthalten in  |t Journal of social history  |d Oxford : Oxford University Press, 1967-  |h Online-Ressource  |x 1527-1897  |g Band 48, Heft 4 (2014 (2015)), Seite 865-891  |w (DE-603)092463754  |w (DE-600)2007084-6 
856 |u http://muse.jhu.edu/article/583445  |x Verlag 
924 1 |9 2080  |a (DE-603)1006817247  |b DE-2080  |c HES  |d d  |g /